Rosja - quiz wielokrotnego wyboru - Statystyki

Ogólne statystyki
  • Ten quiz został rozwiązany 62 razy
  • Średni wynik to 11 z 15
Statystyki odpowiedzi
Zagadnienie Odpowiedź % Poprawnych
Jakie zwierzę często symbolizuje Rosję? Niedźwiedź
100%
Jak pisze się Moskwa w języku rosyjskim? Mосква
96%
Które z tych państw nie graniczy z Rosją? Niemcy
96%
Co to jest samowar? Naczynie do podgrzewania wody i serwowania herbaty
92%
Kim był Jurij Gagarin? Pierwszą osobom, która okrążyła Ziemię
92%
Co to jest babuszka? Stara kobieta
92%
Czy Moskwa jest nad morzem? Nie
88%
Jaki wybitny Rosjanin został zamordowany w Meksyku w 1940 roku? Lew Trocki
79%
Który z tych terminów się odnosi do podziału administracyjnego pierwszego stopnia Rosji Obwód
79%
Z którym z tych zbiorników wodnych Rosja nie graniczy ? Morze Wschodniochińskie
71%
Jak miała na imię najmłodsza córka ostatniego cara? Anastazja
67%
Jakie miasto było znane jako Stalingrad w latach 1925–1961? Wołgograd
63%
Kiedy ostatni raz Moskwa została zdobyta przez obce mocarstwo? Przez Napoleona w 1812 r.
54%
Z czego miasto Czelabińsk na krótko zasłynęło w 2013 roku? Eksplozji meteorytu
50%
Które z tych dzieł muzycznych nie jest dziełem Czajkowskiego? Czarodziejski flet
29%
Nie znaleziono quizów pasujących do podanych kryteriów
Rozkład punktacji
Procent ludzi z każdym wynikiem
Percentyl według liczby udzielonych odpowiedzi
Twoja historia wyników
Nie rozwiązałeś tego quizu